Taylor Swift Songs Starting with D - Statistics

General Stats
  • This quiz has been taken 903 times
  • The average score is 7 of 10
Answer Stats
Song % Correct
Don't Blame Me
77%
Delicate
76%
Dancing With Our Hands Tied
71%
Dear John
69%
dorothea
69%
Dress
65%
Daylight
63%
Don't You (Taylor's Version) (From The Vault)
60%
Death By A Thousand Cuts
56%
Dear Reader
53%
No matching quizzes found
Score Distribution
Percent of People with Each Score
Percentile by Number Answered
Your Score History
You have not taken this quiz